000 005810000a22001810004500
003 MACL
005 20160424164406.0
008 160424b xxu||||| |||| 00| 0 eng d
040 _aMACL
_cMACL
041 _aHindi
082 _a800
100 _aडॉ सतीश चन्‍द्र अग्रवाल
_953950
245 _aमॉरिशसीय हिन्‍दी भाषा और साहित्‍य
260 _bअमर प्रकाशन
_c2005
_aमथुरा
350 _a200
650 _aLiteracture
_953951
942 _cHIN
_k800/AGR/L
_2ddc
999 _c10853
_d10853